000 00541nam a2200181 i 4500
001 56110
003 ES-MaACL
005 20230906163301.0
007 t|
008 031003s1952 sp ||||1| spa d
100 1 _aDíaz-Plaja, Fernando,
_d1918-2012
_944396
245 1 3 _aLa vida española en el siglo XIX /
_cFernando Díaz-Plaja.
250 _a[1ª ed.].
260 _aMadrid :
_bAfrodisio Aguado,
_c[1952] (
_fCastilla)
300 _a270 p., 34 lám. ;
_c25 cm.
852 _aES-MaACL
_jD-7236
_bR.32724
999 _c56110
_d56110